UBT Library

An introduction to electrical measurements : (Record no. 40052)

000 -LEADER
fixed length control field 00699cam a22002415a 4500
001 - CONTROL NUMBER
control field 17389513
005 - DATE AND TIME OF LATEST TRANSACTION
control field 20180110085143.0
008 - FIXED-LENGTH DATA ELEMENTS--GENERAL INFORMATION
fixed length control field 120717s2010 iaua 000 0 eng
010 ## - LIBRARY OF CONGRESS CONTROL NUMBER
LC control number 2012452225
020 ## - INTERNATIONAL STANDARD BOOK NUMBER
International Standard Book Number 9780757579172
020 ## - INTERNATIONAL STANDARD BOOK NUMBER
International Standard Book Number 0757579175
040 ## - CATALOGING SOURCE
Original cataloging agency DLC
Transcribing agency DLC
041 ## - LANGUAGE CODE
Language code of text/sound track or separate title eng
042 ## - AUTHENTICATION CODE
Authentication code pcc
080 ## - UNIVERSAL DECIMAL CLASSIFICATION NUMBER
Universal Decimal Classification number 62 THO
082 ## - DEWEY DECIMAL CLASSIFICATION NUMBER
Edition number 62 THO
100 1# - Rafti
Rafti 27
101 ## - Shkurtesa
Shkurtesa ENG
245 13 - TITLE STATEMENT
Title An introduction to electrical measurements :
Statement of responsibility, etc Thomas E. Brewer.
906 ## - LOCAL DATA ELEMENT F, LDF (RLIN)
a 0
b ibc
c origres
d 2
e ncip
f 20
g y-gencatlg
942 ## - ADDED ENTRY ELEMENTS (KOHA)
Source of classification or shelving scheme
Item type Books
Holdings
Withdrawn status Lost status Source of classification or shelving scheme Damaged status Not for loan Collection code Permanent location Current location Shelving location Date acquired Total Checkouts Full call number Barcode Date last seen Price effective from Koha item type
          Koleksioni i përgjithshem UBT - Lipjan UBT - Lipjan Koleksioni i përgjithshem 01/10/2018   62 THO 002-2995115 01/10/2018 01/10/2018 Books
UBT Library © 2015-2024. All rights reserved University Education for Business and Technology